Spell the Marvel Character #402 - Statistics

General Stats
  • This quiz has been taken 12 times
  • The average score is 8 of 10
Answer Stats
Picture Answer % Correct
Captain America
100%
Emma Frost
100%
Thor (Jane Foster)
92%
Dust
75%
Lockheed
75%
Old Lace
67%
Stinger
67%
Red Locust
58%
Red Wolf
58%
Uranian
58%
No matching quizzes found
Score Distribution
Percent of People with Each Score
Percentile by Number Answered
Your Score History
You have not taken this quiz